| 000 | 01638nam a22001577a 4500 | ||
|---|---|---|---|
| 041 | _aukr | ||
| 080 | _a09 | ||
| 090 | _bКОС | ||
| 100 | _aКостюк, Ю. Ф. | ||
| 245 | _aПсихолінгвістичні особливості англомовних рекламних текстів (на прикладі періодичних видань) | ||
| 260 |
_aОстрог _bКАФ _c2014 |
||
| 300 | _a75 | ||
| 520 |
_aВступ.
Розділ І. Теоретико-методологічні основи дослідження психолінгвістики як науки про мову.
1.1. Становлення психолінгвістичної наукової думки
1.2. Методи психолінгвістичних досліджень
1.3. Психолінгвістичні моделі породження та сприйняття мовлення
Розділ ІІ. Психолінгвістичний аналіз англомовних рекламних текстів.
2.1. Особливості психолінгвістичного підходу до аналізу тексту
2.2. Механізми побудови англомовних рекламних текстів
2.3. Закономірності сприйняття та оцінки рекламних механізмів
2.4. Механізми мовної маніпуляції у рекламних текстах
Висновки.
Список використаних джерел.
Додатки. _0психолінгвістика, реклама, текст |
||
| 650 | _aResearch Papers | ||
| 999 |
_c285439 _d285439 |
||
| 942 | _cBK | ||